| 000 | 00656nam a2200193 a 4500 | ||
|---|---|---|---|
| 001 | 000041513 | ||
| 005 | 20201002034945.0 | ||
| 008 | 131009s1999 dr d 000 0 spa d | ||
| 040 |
_aDO-SdBNP _bspa _cBNPHU |
||
| 082 |
_aR 150.3 _bD278m |
||
| 100 | 1 |
_aDe Peña S., Casimiro _966750 |
|
| 245 | 1 | 0 |
_aModerno diccionario popular de psicología / _cCasimiro De Peña S. |
| 260 |
_aSanto Domingo : _bSoto Castillo, _c1999. |
||
| 300 |
_a234 p. ; _c26 cm. |
||
| 500 | _aIncluye datos biografícos del autor en la contraportada. | ||
| 504 | _aBibliografía p: 233-234 | ||
| 650 | 4 |
_aPsicología _xDiccionarios _968227 |
|
| 910 | _aValidado. Control de calidad MFF | ||
| 999 |
_c41003 _d41003 |
||